Szczegóły MARC21

Inżynieria finansowa : instrumentarium, strategie, zarządzanie ryzykiem /

003 -Nazwa inst., której nr kontr. jest w polu 001 [,]
    • @
    • Nazwa instytucji, której n kontrolny jest w polu 001
    • NUKAT
005 -DATA I CZAS OSTATNIEJ MODYFIKACJI [,]
    • @
    • pole kontrolne
    • 20241231102039.0
020 -Międzynarod. znormalizowany nr książki - ISBN [ , ]
    • a
    • Numer ISBN
    • 8385428402 Find
040 -Instytucja sporządzająca opis [ , ]
    • a
    • Instytucja, która sporządziła opis (NP)
    • WA M/HB
    • b
    • Język katalogowania
    • pol
    • e
    • Zasady katalogowania
    • rda
    • c
    • Instytucja, która sporządziła rekord (NP)
    • WA M/HB
    • d
    • Instytucja, która zmodyfikowała rekord (P)
    • WA M/IW
    • d
    • Instytucja, która zmodyfikowała rekord (P)
    • TOR U/IFs
    • d
    • Instytucja, która zmodyfikowała rekord (P)
    • KAT U/MP
    • d
    • Instytucja, która zmodyfikowała rekord (P)
    • GL 001/JK
    • d
    • Instytucja, która zmodyfikowała rekord (P)
    • GL 001/FMM
942 -Rodzaj dokumentu [ , ]
    • c
    • Rodzaj dokumentu
    • Książka
100 -Hasło główne - nazwa osobowa [1, ]
    • a
    • Nazwa osobowa (NP)
    • Tarczyński, Waldemar
    • d
    • Daty biograficzne (NP)
    • (1960- ).
    • e
    • Rodzaj współpracy
    • Autor
    • 9
    • KHW
    • 73
245 -Strefa tytułu i oznaczenia odpowiedzialności [1,0]
    • a
    • Tytuł
    • Inżynieria finansowa : Find
    • b
    • Ciąg dalszy tytułu (NP)
    • instrumentarium, strategie, zarządzanie ryzykiem / Find
    • c
    • Pozostałe elementy strefy tytułu i oznaczenia odpowiedzialności (NP)
    • Waldemar Tarczyński, Marek Zwolankowski.
260 -Strefa adresu wydawniczego [ , ]
    • a
    • Miejsce wydania (P)
    • Warszawa :
    • b
    • Nazwa wydawcy (P)
    • Agencja Wydawnicza Placet,
    • c
    • Data wydania (P)
    • 1999.
300 -Strefa opisu fizycznego [ , ]
    • a
    • Określenie formy książki i/lub objętość (NP)
    • 336, [8] stron :
    • b
    • Oznaczenie ilustracji (NP)
    • ilustracje ;
    • c
    • Format (NP)
    • 24 cm.
336 -Typ zawartości [ , ]
    • a
    • Termin opisujący typ zawartości
    • Tekst
    • b
    • Kod określający zawartość
    • txt
    • 2
    • Źródło (terminu i kodu)
    • rdacontent
337 -Typ mediów [ , ]
    • a
    • Tryb odtwarzania
    • Bez urządzenia pośredniczącego
    • b
    • Kod typu mediów
    • n
    • 2
    • Źródło (terminu i kodu)
    • rdamedia
338 -Typ/rodzaj nośnika [ , ]
    • a
    • Hasło opisujące typ nośnika
    • Wolumin
    • b
    • Kod typu nośnika
    • nc
    • 2
    • Źródło (terminu i kodu)
    • rdacarrier
490 -Strefa serii i książki wielotomowej - forma nie do wyszukiwania [1, ]
    • a
    • Tytuł (P)
    • Biblioteka Biznesmena Find
830 -Hasło dodatkowe serii i opisu książki wielotomowej - tytuł ujednolicony/tytuł [ ,0]
    • a
    • Tytuł ujednolicony/tytuł (NP)
    • Biblioteka Biznesmena
    • 9
    • KHW
    • 463
500 -Uwaga ogólna [ , ]
    • a
    • Uwaga ogólna (NP)
    • Podtytuł wg okładki. U dołu okładki: strategie inwestowania, ryzyko inwestowania.
504 -Uwaga dot. bibliogr. załącznikowej [ , ]
    • a
    • Uwaga dot. bibliografii załącznikowej
    • Literatura na stronach [341-342]. Indeks.
080 -Uniwersalna Klasyfikacja Dziesiętna [ , ]
    • a
    • Symbol klasyfikacji
    • 658.14/.17
    • 9
    • UKD
    • 5620
    • 2
    • Identyfikator wydania tablic
    • UDC-P058
    • b
    • Dopowiedzenie
    • Zagadnienia finansowe przedsiębiorstwa. Rozrachunek gospodarczy. Fundusz zakładowy.
080 -Uniwersalna Klasyfikacja Dziesiętna [ , ]
    • a
    • Symbol klasyfikacji
    • :330.131.7
080 -Uniwersalna Klasyfikacja Dziesiętna [ , ]
    • a
    • Symbol klasyfikacji
    • :658.1/.5.012.2
650 -Hasło przedmiotowe [ ,7]
    • a
    • Hasło przedmiotowe
    • Inżynieria finansowa.
    • 2
    • Źródło terminu
    • kaba
    • 9
    • KHW
    • 112316
650 -Hasło przedmiotowe [ ,7]
    • a
    • Hasło przedmiotowe
    • Instrumenty finansowe.
    • 2
    • Źródło terminu
    • kaba
    • 9
    • KHW
    • 112106
980 -Symbol UKD [ , ]
    • a
    • UKD
    • 658.14/.17:330.131.7:658.1/.5.012.2
700 -Hasło dodatkowe - nazwa osobowa [1, ]
    • a
    • Nazwa osobowa (NP)
    • Zwolankowski, Marek. Find
    • e
    • Określenie rodzaju współpracy
    • Autor
    • 9
    • KHW
    • 15364
710 -Hasło dodatkowe - nazwa ciała zbiorowego [2, ]
    • a
    • Nazwa ciała zbiorowego lub nazwa geograficzna jako pierwszy element (NP)
    • Agencja Wydawniczo-Poligraficzna Placet.
    • e
    • Rodzaj współpracy
    • Wydawca
    • 4
    • Kod relacji
    • pbl
    • 9
    • KHW
    • 64652
920 -ISBN [ , ]
    • a
    • ISBN
    • 83-85428-40-2 Find
Status udost. Numer inwentarzowy Sygnatura Lokalizacja Data inwentaryzacji
-2E.65973 BE1999-03-15
2S.83347 BE1999-03-15
2S.83349 BE1999-03-15
2S.83350 BE1999-03-15
2S.83351 BE1999-03-15
2S.83352 BE1999-03-15
-6S.83353 BE1999-03-15
-6S.83354 BE1999-03-15
-6S.83355 BE1999-03-15
2S.83356 BE1999-03-15
-6S.83357 BE1999-03-15
-6S.83358 BE1999-03-15
2S.83359 BE1999-03-15
-6S.83360 BE1999-03-15
-6S.83361 BE1999-03-15
-6S.83362 BE1999-03-15
2S.83363 BE1999-03-15
-6S.83364 BE1999-03-15
-6S.83365 BE1999-03-15
-6S.83366 BE1999-03-15
-6S.83367 BE1999-03-15
-6S.83368 BE1999-03-15
-6S.83369 BE1999-03-15
2S.83370 BE1999-03-15
-3S.83371 BE1999-03-15
-3S.83372 BE1999-03-15
-3S.83373 BE1999-03-15
2S.83374 BE1999-03-15
2S.83375 BE1999-03-15
2S.83376 BE1999-03-15
2S.83377 BE1999-03-15
2S.83378 BE1999-03-15
2S.83379 BE1999-03-15
2S.83380 BE1999-03-15
2S.83381 BE1999-03-15
2S.83348 BE1999-03-15
1Z.93557Z.93557BG1999-03-15
-3W.198031W.198031BG1999-03-15
-3W.198032W.198031BG1999-03-15
-3W.198033W.198031BG1999-03-15
2W.198034W.198031BG1999-03-15
2W.198035W.198031BG1999-03-15
2W.198036W.198031BG1999-03-15
2W.198037W.198031BG1999-03-15
2W.198038W.198031BG1999-03-15
-3WM.358WM.358BG2002-10-29
-2GW.6521336GW2016-02-25
-3GW.8993336GW2017-03-09
-3GW.8994336GW2017-03-09
-2T.451T.451T1999-03-15
-3T.452 T1999-03-15
-3T.453 T1999-03-15
-3T.454 T1999-03-15
-6T.455 T1999-03-15